Suma teológica
Uloženo v:
| Hlavní autor: | |
|---|---|
| Médium: | Kniha |
| Jazyk: | španělština |
| Vydáno: |
Madrid
B.A.C
1947
|
| Edice: | Biblioteca de autores cristianos
|
| Témata: | |
| Tagy: |
Přidat tag
Žádné tagy, Buďte první, kdo vytvoří štítek k tomuto záznamu!
|
MARC
| LEADER | 00000nam a2200000 a 4500 | ||
|---|---|---|---|
| 001 | UCZ1964 | ||
| 003 | CL-VaPUC | ||
| 008 | 950915e19470000SP |||||||||||||||||spa|d | ||
| 082 | 0 | 4 | |a 189.4 |b TOM |2 21 |
| 100 | |a Tomás de Aquino |d 1220-1274 |c Santo |e author |9 255832 | ||
| 245 | 1 | 0 | |a Suma teológica |
| 300 | |a v | ||
| 942 | |c BK | ||
| 945 | |d 19950915 00:00:00 |a cmena | ||
| 260 | |a Madrid |b B.A.C |c 1947 | ||
| 500 | |a v.1: Tratado de Dios uno en esencia | ||
| 600 | 0 | |a Dios |9 314467 | |
| 650 | 0 | |a Tomismo |9 259214 | |
| 650 | 0 | |a Escolasticismo |9 264998 | |
| 650 | 0 | |a Teología |9 258766 | |
| 650 | 0 | |a Religión |9 255164 | |
| 583 | |a last modification |c 19950915 00:00:00 |k Rodrigo Vera | ||
| 490 | 0 | |a Biblioteca de autores cristianos | |
| 999 | |c 238632 |d 238630 | ||
| 952 | |0 0 |1 0 |4 0 |6 189_400000000000000_TOM_1947 |7 0 |8 A |9 248959 |a BIBEDU |b BIBEDU |d 2019-11-18 |h v.1 |i 1562525 |l 7 |o 189.4 TOM 1947 |p 1562525 |r 2025-01-29 |s 2025-01-23 |w 2019-11-18 |y BK |k FIL | ||